000 01161cam a2200133 4500500
005 20251214011812.0
041 _afre
042 _adc
100 1 0 _aFaucon, Térésa
_eauthor
245 0 0 _aThéorie du montage : Energie des images
260 _bArmand Colin,
_c2017.
520 _aCet essai est consacré au montage au cinéma. Outre un rappel de la façon dont il est envisagé par différents cinéastes (De Palma, Antonioni, Eisenstein, Vertov, Epstein, Tarkovski, Renoir, Godard, Bresson, Van der Keuken...), l’ouvrage propose une analyse de ses objectifs et de son langage. La « théorie du montage » développée ici est construite comme une théorie scientifique, avec comme postulat de départ l’existence d’une énergie de l’image, portée par les plans d’un film et polarisée par le montage. Cette approche originale permet de saisir toute l’essence du montage, au-delà des considérations syntaxiques, narratives et plastiques. L’auteur illustre son propos de nombreux exemples issus de l’histoire du cinéma.
856 4 1 _uhttps://shs.cairn.info/theorie-du-montage--9782200618223?lang=fr&redirect-ssocas=7080
999 _c1569767
_d1569767